[Event "XLIV Memoriał Szachowy Ludwika Zamenhofa 2025, Grupa B"]
[Site "Bialystok, Poland"]
[Date "2025.12.28"]
[Round "3.12"]
[White "Kaminska, Zuzanna"]
[Black "Mielczarski, Miroslaw"]
[Result "0-1"]
[TimeControl "90'+30\""]
[WhiteElo "1873"]
[BlackElo "2042"]

1. e4 {[%emt 01:08:46]} c5 {[%clk 01:27:44]} {[%emt 00:03:00]} 2. Nf3 {[%clk
01:31:09]} {[%emt 00:00:26]} Nc6 {[%clk 01:27:59]} {[%emt 00:00:16]} 3. Bb5
{[%clk 01:31:21]} {[%emt 00:00:19]} e6 {[%clk 01:28:16]} {[%emt 00:00:13]} 4.
O-O {[%clk 01:31:04]} {[%emt 00:00:46]} Nge7 {[%clk 01:28:22]} {[%emt
00:00:25]} 5. Re1 {[%clk 01:31:08]} {[%emt 00:00:26]} a6 {[%clk 01:28:40]}
{[%emt 00:00:12]} 6. Bf1 {[%clk 01:31:11]} {[%emt 00:00:26]} d5 {[%clk
01:28:56]} {[%emt 00:00:15]} 7. exd5 {[%clk 01:30:57]} {[%emt 00:00:45]} Qxd5
{[%clk 01:29:13]} {[%emt 00:00:12]} 8. b3 {[%clk 01:23:14]} {[%emt 00:08:12]}
Nf5 {[%clk 01:26:48]} {[%emt 00:02:55]} 9. Bb2 {[%clk 01:21:10]} {[%emt
00:02:34]} Be7 {[%clk 01:26:43]} {[%emt 00:00:35]} 10. Bd3 {[%clk 01:17:42]}
{[%emt 00:03:58]} O-O {[%clk 01:22:54]} {[%emt 00:04:19]} 11. Nc3 {[%clk
01:15:42]} {[%emt 00:02:31]} Qd8 {[%clk 01:22:58]} {[%emt 00:00:24]} 12. Ne4
{[%clk 01:15:44]} {[%emt 00:00:29]} b6 {[%clk 01:22:19]} {[%emt 00:01:09]} 13.
Ne5 {[%clk 01:08:23]} {[%emt 00:07:50]} Bb7 {[%clk 01:03:27]} {[%emt 00:19:24]}
14. Nxc6 {[%clk 00:56:13]} {[%emt 00:12:40]} Bxc6 {[%clk 01:03:24]} {[%emt
00:00:32]} 15. Qh5 {[%clk 00:53:57]} {[%emt 00:02:45]} f6 {[%clk 00:49:46]}
{[%emt 00:14:09]} 16. Ng3 {[%clk 00:43:39]} {[%emt 00:10:47]} g6 {[%clk
00:47:32]} {[%emt 00:02:46]} 17. Qe2 {[%clk 00:28:24]} {[%emt 00:15:44]} Qd5
{[%clk 00:42:54]} {[%emt 00:05:09]} 18. f3 {[%clk 00:20:25]} {[%emt 00:08:29]}
Nd4 {[%clk 00:41:04]} {[%emt 00:02:20]} 19. Qe3 {[%clk 00:16:45]} {[%emt
00:04:10]} Bd7 {[%clk 00:32:23]} {[%emt 00:09:11]} 20. Be4 {[%clk 00:09:02]}
{[%emt 00:08:12]} Qd6 {[%clk 00:32:41]} {[%emt 00:00:12]} 21. Bxa8 {[%clk
00:08:09]} {[%emt 00:01:24]} Rxa8 {[%clk 00:30:03]} {[%emt 00:03:07]} 22. Ne4
{[%clk 00:06:22]} {[%emt 00:02:18]} Qd5 {[%clk 00:29:05]} {[%emt 00:01:28]} 23.
c4 {[%clk 00:05:00]} {[%emt 00:01:53]} Qc6 {[%clk 00:25:19]} {[%emt 00:04:13]}
24. Bxd4 {[%clk 00:04:59]} {[%emt 00:00:33]} cxd4 {[%clk 00:25:42]} {[%emt
00:00:06]} 25. Qxd4 {[%clk 00:03:50]} {[%emt 00:01:39]} Kf7 {[%clk 00:26:06]}
{[%emt 00:00:06]} 26. Kh1 {[%clk 00:03:47]} {[%emt 00:00:34]} f5 {[%clk
00:25:33]} {[%emt 00:01:03]} 27. Nc3 {[%clk 00:03:57]} {[%emt 00:00:19]} Rd8
{[%clk 00:25:34]} {[%emt 00:00:27]} 28. Qe3 {[%clk 00:03:45]} {[%emt 00:00:44]}
b5 {[%clk 00:25:09]} {[%emt 00:00:55]} 29. d4 {[%clk 00:02:16]} {[%emt
00:02:00]} bxc4 {[%clk 00:20:24]} {[%emt 00:02:10]} 30. d5 {[%clk 00:02:32]}
{[%emt 00:03:19]} Qd6 {[%clk 00:20:49]} {[%emt 00:00:04]} 31. bxc4 {[%clk
00:02:21]} {[%emt 00:00:43]} Rc8 {[%clk 00:18:13]} {[%emt 00:03:05]} 32. Rad1
{[%clk 00:02:14]} {[%emt 00:00:36]} e5 {[%clk 00:17:56]} {[%emt 00:00:47]} 33.
Qd3 {[%clk 00:01:18]} {[%emt 00:01:25]} Bf6 {[%clk 00:18:06]} {[%emt 00:00:21]}
34. Rb1 {[%clk 00:01:15]} {[%emt 00:00:34]} Rc7 {[%clk 00:18:09]} {[%emt
00:00:27]} 35. Ne2 {[%clk 00:00:50]} {[%emt 00:00:55]} Qc5 {[%clk 00:17:49]}
{[%emt 00:00:49]} 36. Rec1 {[%clk 00:00:55]} {[%emt 00:00:26]} h5 {[%clk
00:16:19]} {[%emt 00:02:00]} 37. Qb3 {[%clk 00:00:56]} {[%emt 00:00:28]} Bg5
{[%clk 00:14:58]} {[%emt 00:01:51]} 38. Rc2 {[%clk 00:00:42]} {[%emt 00:00:43]}
Be3 {[%clk 00:15:10]} {[%emt 00:00:17]} 39. Qb4 {[%clk 00:00:50]} {[%emt
00:00:23]} f4 {[%clk 00:15:05]} {[%emt 00:00:36]} 40. Qxc5 {[%clk 00:01:05]}
{[%emt 00:00:16]} Bxc5 {[%clk 00:15:33]} {[%emt 00:00:02]} 41. Nc3 {[%clk
00:01:01]} {[%emt 00:00:35]} Bd4 {[%clk 00:14:50]} {[%emt 00:01:11]} 42. Ne4
{[%clk 00:01:24]} {[%emt 00:00:07]} Ba4 {[%clk 00:15:13]} {[%emt 00:00:07]} 43.
Rcc1 {[%clk 00:01:02]} {[%emt 00:00:51]} Be3 {[%clk 00:15:23]} {[%emt
00:00:20]} 44. Rc3 {[%clk 00:01:12]} {[%emt 00:00:17]} Bd4 {[%clk 00:15:28]}
{[%emt 00:00:28]} 45. Ra3 {[%clk 00:00:39]} {[%emt 00:01:04]} Bc2 {[%clk
00:15:43]} {[%emt 00:00:15]} 46. Nd6+ {[%clk 00:00:34]} {[%emt 00:00:36]} Ke7
{[%clk 00:15:49]} {[%emt 00:00:23]} 47. Rb7 {[%clk 00:00:42]} {[%emt 00:00:22]}
Kxd6 {[%clk 00:15:39]} {[%emt 00:00:41]} 48. Rxa6+ {[%clk 00:00:54]} {[%emt
00:00:18]} Kd7 {[%clk 00:16:07]} 49. Rxc7+ {[%clk 00:01:04]} {[%emt 00:00:20]}
Kxc7 {[%clk 00:16:28]} {[%emt 00:00:09]} 50. c5 {[%clk 00:00:59]} {[%emt
00:00:36]} e4 {[%clk 00:11:36]} {[%emt 00:05:22]} 51. fxe4 {[%clk 00:00:56]}
{[%emt 00:00:33]} Bxe4 {[%clk 00:06:40]} {[%emt 00:05:26]} 52. Ra7+ {[%clk
00:00:55]} {[%emt 00:00:31]} Kc8 {[%clk 00:05:13]} {[%emt 00:01:57]} 53. h4
{[%clk 00:00:46]} {[%emt 00:00:39]} f3 {[%clk 00:05:02]} {[%emt 00:00:41]} 54.
gxf3 {[%clk 00:00:58]} {[%emt 00:00:17]} Bxf3+ {[%clk 00:05:19]} {[%emt
00:00:14]} 55. Kh2 {[%clk 00:01:24]} {[%emt 00:00:04]} Bxd5 {[%clk 00:05:37]}
{[%emt 00:00:11]} 56. Ra3 {[%clk 00:01:14]} {[%emt 00:00:39]} Kc7 {[%clk
00:05:55]} {[%emt 00:00:13]} 57. Ra6 {[%clk 00:00:56]} {[%emt 00:00:48]} Be4
{[%clk 00:04:59]} {[%emt 00:01:26]} 58. Ra4 {[%clk 00:00:48]} {[%emt 00:00:37]}
Be5+ {[%clk 00:05:23]} {[%emt 00:00:06]} 59. Kg1 {[%clk 00:01:09]} {[%emt
00:00:09]} Bf5 {[%clk 00:05:42]} {[%emt 00:00:12]} 60. Rc4 {[%clk 00:00:56]}
{[%emt 00:00:43]} Kc6 {[%clk 00:05:46]} {[%emt 00:00:27]} 61. a4 {[%clk
00:01:20]} {[%emt 00:00:06]} Bd3 {[%clk 00:05:15]} {[%emt 00:00:57]} 62. Rc1
{[%clk 00:01:32]} {[%emt 00:00:21]} Bd4+ {[%clk 00:05:13]} {[%emt 00:00:31]} 63.
Kg2 {[%clk 00:01:57]} {[%emt 00:00:05]} Bxc5 {[%clk 00:05:29]} {[%emt
00:00:15]} 64. a5 {[%clk 00:02:24]} {[%emt 00:00:04]} Be4+ {[%clk 00:04:54]}
{[%emt 00:01:05]} 65. Kg3 {[%clk 00:02:42]} {[%emt 00:00:09]} Kb5 {[%clk
00:05:16]} {[%emt 00:00:08]} 66. Ra1 {[%clk 00:02:50]} {[%emt 00:00:25]} Bd6+
{[%clk 00:05:24]} {[%emt 00:00:21]} 67. Kf2 {[%clk 00:03:08]} {[%emt 00:00:11]}
Ka6 {[%clk 00:05:44]} {[%emt 00:00:07]} 68. Re1 {[%clk 00:03:11]} {[%emt
00:00:31]} Bf5 {[%clk 00:05:58]} {[%emt 00:00:17]} 69. Ra1 {[%clk 00:03:06]}
{[%emt 00:00:34]} Bb4 {[%clk 00:06:20]} {[%emt 00:00:08]} 70. Kg3 {[%clk
00:02:59]} {[%emt 00:00:35]} Bxa5 {[%clk 00:06:27]} {[%emt 00:00:26]} 71. Kf4
{[%clk 00:03:18]} {[%emt 00:00:11]} Kb5 {[%clk 00:06:40]} {[%emt 00:00:17]} 72.
Rd1 {[%clk 00:03:31]} {[%emt 00:00:16]} Kc4 {[%clk 00:04:50]} {[%emt 00:02:18]}
73. Rc1+ {[%clk 00:03:54]} {[%emt 00:00:10]} Kd5 {[%clk 00:04:54]} {[%emt
00:00:22]} 74. Rd1+ {[%clk 00:03:46]} {[%emt 00:00:42]} Ke6 {[%clk 00:05:04]}
{[%emt 00:00:20]} 75. Ra1 {[%clk 00:04:07]} {[%emt 00:00:09]} Bd2+ {[%clk
00:04:51]} {[%emt 00:00:42]} 76. Kg3 {[%clk 00:04:28]} {[%emt 00:00:08]} Ke5
{[%clk 00:04:51]} {[%emt 00:00:31]} 77. Ra2 {[%clk 00:04:48]} {[%emt 00:00:11]}
Be1+ {[%clk 00:05:13]} {[%emt 00:00:07]} 78. Kf3 {[%clk 00:04:51]} {[%emt
00:00:21]} Bxh4 {[%clk 00:05:37]} {[%emt 00:00:12]} 79. Ra5+ {[%clk 00:05:17]}
{[%emt 00:00:05]} Kf6 {[%clk 00:05:59]} {[%emt 00:00:08]} 80. Ra6+ {[%clk
00:05:42]} {[%emt 00:00:06]} Kg5 {[%clk 00:06:15]} {[%emt 00:00:12]} 81. Ra1
{[%clk 00:06:06]} {[%emt 00:00:06]} Kh6 {[%clk 00:06:41]} {[%emt 00:00:04]} 82.
Kg2 {[%clk 00:06:05]} {[%emt 00:00:31]} Bf6 {[%clk 00:06:56]} {[%emt 00:00:15]}
83. Ra6 {[%clk 00:06:19]} {[%emt 00:00:16]} Be5 {[%clk 00:07:21]} {[%emt
00:00:05]} 84. Ra5 {[%clk 00:06:43]} {[%emt 00:00:07]} Bf4 {[%clk 00:07:10]}
{[%emt 00:00:40]} 85. Ra4 {[%clk 00:07:07]} {[%emt 00:00:07]} Kg5 {[%clk
00:07:34]} {[%emt 00:00:06]} 86. Kf3 {[%clk 00:07:33]} {[%emt 00:00:04]} Be5
{[%clk 00:07:33]} {[%emt 00:00:28]} 87. Ra5 {[%clk 00:08:00]} {[%emt 00:00:06]}
Bf6 {[%clk 00:07:29]} {[%emt 00:00:33]} 88. Ra4 {[%clk 00:08:22]} {[%emt
00:00:07]} Bg4+ {[%clk 00:07:49]} {[%emt 00:00:12]} 89. Kg2 {[%clk 00:08:27]}
{[%emt 00:00:25]} Kf5 {[%clk 00:07:48]} {[%emt 00:00:30]} 90. Ra5+ {[%clk
00:08:52]} {[%emt 00:00:05]} Be5 {[%clk 00:08:13]} {[%emt 00:00:05]} 91. Ra8
{[%clk 00:09:00]} {[%emt 00:00:22]} h4 {[%clk 00:08:33]} {[%emt 00:00:10]} 92.
Rf8+ {[%clk 00:09:27]} {[%emt 00:00:03]} Kg5 {[%clk 00:08:50]} {[%emt
00:00:12]} 93. Re8 {[%clk 00:09:53]} {[%emt 00:00:06]} Bf4 {[%clk 00:09:08]}
{[%emt 00:00:11]} 94. Ra8 {[%clk 00:10:17]} {[%emt 00:00:07]} h3+ {[%clk
00:08:45]} {[%emt 00:00:53]} 95. Kf1 {[%clk 00:10:41]} {[%emt 00:00:05]} Bf3
{[%clk 00:08:58]} {[%emt 00:00:15]} 96. Ra5+ {[%clk 00:11:08]} {[%emt
00:00:06]} Kg4 {[%clk 00:09:19]} {[%emt 00:00:08]} 97. Ra4 {[%clk 00:10:59]}
{[%emt 00:00:40]} h2 {[%clk 00:09:29]} {[%emt 00:00:20]} 98. Kf2 {[%clk
00:11:25]} {[%emt 00:00:03]} Bc6 {[%clk 00:09:17]} {[%emt 00:00:42]} 99. Ra1
{[%clk 00:11:20]} {[%emt 00:00:34]} h1=Q {[%clk 00:09:30]} {[%emt 00:00:17]}
100. Rxh1 {[%clk 00:11:36]} {[%emt 00:00:15]} Bxh1 {[%clk 00:09:58]} {[%emt
00:00:03]} 101. Kg1 {[%clk 00:12:00]} {[%emt 00:00:06]} Be4 {[%clk 00:10:21]}
{[%emt 00:00:06]} 102. Kf2 {[%clk 00:12:28]} {[%emt 00:00:03]} Bf3 {[%clk
00:10:32]} {[%emt 00:00:19]} 103. Kg1 {[%clk 00:12:50]} {[%emt 00:00:05]} Kg3
{[%clk 00:10:45]} {[%emt 00:00:19]} 104. Kf1 {[%clk 00:13:18]} {[%emt
00:00:02]} Be3 {[%clk 00:10:55]} {[%emt 00:00:19]} 105. Ke1 {[%clk 00:13:44]}
{[%emt 00:00:04]} Kf4 {[%clk 00:11:16]} {[%emt 00:00:10]} 106. Kf1 {[%clk
00:14:11]} {[%emt 00:00:04]} g5 {[%clk 00:11:41]} {[%emt 00:00:05]} 107. Ke1
{[%clk 00:14:37]} {[%emt 00:00:03]} g4 {[%emt 00:00:40]} 0-1

[Event "XLIV Memoriał Szachowy Ludwika Zamenhofa 2025, Grupa B"]
[Site "Bialystok, Poland"]
[Date "2025.12.28"]
[Round "3.13"]
[White "Ptaszynski, Szymon"]
[Black "Filimoniuk, Marcin"]
[Result "1-0"]
[TimeControl "90'+30\""]
[WhiteElo "2025"]
[BlackElo "1854"]

1. e4 {[%clk 01:30:58]} {[%emt 00:00:01]} c6 {[%clk 01:24:58]} {[%emt
00:06:02]} 2. d4 {[%clk 01:31:19]} {[%emt 00:00:10]} d5 {[%clk 01:25:17]}
{[%emt 00:00:11]} 3. Nd2 {[%clk 01:31:32]} {[%emt 00:00:16]} dxe4 {[%clk
01:24:43]} {[%emt 00:01:04]} 4. Nxe4 {[%clk 01:31:56]} {[%emt 00:00:07]} Nf6
{[%clk 01:24:29]} {[%emt 00:00:43]} 5. Nxf6+ {[%clk 01:31:30]} {[%emt
00:00:56]} exf6 {[%clk 01:24:36]} {[%emt 00:00:24]} 6. Be3 {[%clk 01:31:42]}
{[%emt 00:00:16]} Bd6 {[%clk 01:21:42]} {[%emt 00:03:25]} 7. c3 {[%clk
01:31:44]} {[%emt 00:00:29]} Bf5 {[%clk 01:21:28]} {[%emt 00:00:44]} 8. Ne2
{[%clk 01:31:21]} {[%emt 00:00:52]} O-O {[%clk 01:19:38]} {[%emt 00:02:21]} 9.
Ng3 {[%clk 01:30:31]} {[%emt 00:01:19]} Bg6 {[%clk 01:19:13]} {[%emt 00:00:55]}
10. Qd2 {[%clk 01:25:19]} {[%emt 00:05:42]} Re8 {[%clk 01:16:44]} {[%emt
00:02:59]} 11. Bd3 {[%clk 01:23:38]} {[%emt 00:02:11]} Qd7 {[%clk 01:14:18]}
{[%emt 00:02:56]} 12. O-O {[%clk 01:20:48]} {[%emt 00:03:20]} Bxd3 {[%clk
01:10:03]} {[%emt 00:04:45]} 13. Qxd3 {[%clk 01:20:34]} {[%emt 00:00:44]} Bxg3
{[%clk 01:09:55]} {[%emt 00:00:38]} 14. hxg3 {[%clk 01:17:15]} {[%emt
00:03:49]} Na6 {[%clk 01:09:36]} {[%emt 00:00:49]} 15. Rad1 {[%clk 01:16:20]}
{[%emt 00:01:25]} Nc7 {[%clk 01:02:10]} {[%emt 00:07:56]} 16. c4 {[%clk
01:15:28]} {[%emt 00:01:23]} Red8 {[%clk 00:49:06]} {[%emt 00:13:33]} 17. Rd2
{[%clk 01:08:25]} {[%emt 00:07:33]} Rac8 {[%clk 00:29:28]} {[%emt 00:20:10]} 18.
Rfd1 {[%clk 01:06:02]} {[%emt 00:02:52]} b6 {[%clk 00:28:34]} {[%emt 00:01:23]}
19. b3 {[%clk 01:04:09]} {[%emt 00:02:23]} Qg4 {[%clk 00:28:05]} {[%emt
00:00:59]} 20. Qc3 {[%clk 00:55:44]} {[%emt 00:08:55]} Qf5 {[%clk 00:26:52]}
{[%emt 00:01:42]} 21. Qb2 {[%clk 00:55:23]} {[%emt 00:00:51]} Rd7 {[%clk
00:25:47]} {[%emt 00:01:37]} 22. Qa3 {[%clk 00:55:12]} {[%emt 00:00:40]} Ne8
{[%clk 00:19:27]} {[%emt 00:06:50]} 23. d5 {[%clk 00:50:56]} {[%emt 00:04:47]}
c5 {[%clk 00:14:20]} {[%emt 00:05:37]} 24. Re1 {[%clk 00:50:38]} {[%emt
00:00:47]} h5 {[%clk 00:14:12]} {[%emt 00:00:38]} 25. Rde2 {[%clk 00:50:17]}
{[%emt 00:00:51]} Nd6 {[%clk 00:09:49]} {[%emt 00:04:54]} 26. Bf4 {[%clk
00:49:49]} {[%emt 00:00:57]} Rcc7 {[%clk 00:09:17]} {[%emt 00:01:03]} 27. Qa4
{[%clk 00:48:42]} {[%emt 00:01:36]} Kh7 {[%clk 00:08:35]} {[%emt 00:01:13]} 28.
Bxd6 {[%clk 00:45:13]} {[%emt 00:03:59]} Rxd6 {[%clk 00:08:42]} {[%emt
00:00:23]} 29. Qe8 {[%clk 00:45:36]} {[%emt 00:00:06]} Qd7 {[%clk 00:05:44]}
{[%emt 00:03:28]} 30. Qe4+ {[%clk 00:45:07]} {[%emt 00:00:59]} g6 {[%clk
00:05:35]} {[%emt 00:00:40]} 31. Qf4 {[%clk 00:43:51]} {[%emt 00:01:45]} Kg7
{[%clk 00:04:28]} {[%emt 00:01:38]} 32. Re7 {[%clk 00:43:58]} {[%emt 00:00:20]}
Qd8 {[%clk 00:04:37]} {[%emt 00:00:24]} 33. Re8 {[%clk 00:44:21]} {[%emt
00:00:06]} 1-0

[Event "XLIV Memoriał Szachowy Ludwika Zamenhofa 2025, Grupa B"]
[Site "Bialystok, Poland"]
[Date "2025.12.28"]
[Round "3.14"]
[White "Businski, Jan"]
[Black "Sawicki, Dorian"]
[Result "1-0"]
[TimeControl "90'+30\""]
[WhiteElo "1867"]
[BlackElo "1992"]

1. d4 {[%clk 01:30:58]} {[%emt 00:00:02]} Nf6 {[%clk 01:30:54]} {[%emt
00:00:06]} 2. c4 {[%clk 01:31:20]} {[%emt 00:00:09]} e6 {[%clk 01:31:17]}
{[%emt 00:00:06]} 3. g3 {[%clk 01:31:46]} {[%emt 00:00:04]} d5 {[%clk
01:31:09]} {[%emt 00:00:38]} 4. Nf3 {[%clk 01:32:10]} {[%emt 00:00:06]} c6
{[%clk 01:31:23]} {[%emt 00:00:16]} 5. Bg2 {[%clk 01:32:32]} {[%emt 00:00:08]}
Ne4 {[%clk 01:31:01]} {[%emt 00:00:52]} 6. O-O {[%clk 01:32:31]} {[%emt
00:00:31]} Nd7 {[%clk 01:30:41]} {[%emt 00:00:49]} 7. Qc2 {[%clk 01:32:05]}
{[%emt 00:00:58]} f5 {[%clk 01:30:08]} {[%emt 00:01:02]} 8. Nc3 {[%clk
01:21:34]} {[%emt 00:11:01]} Bd6 {[%clk 01:25:12]} {[%emt 00:05:26]} 9. Nd2
{[%clk 00:47:35]} {[%emt 00:34:29]} Qf6 {[%clk 01:10:06]} {[%emt 00:15:36]} 10.
Ndxe4 {[%clk 00:34:06]} {[%emt 00:13:59]} dxe4 {[%clk 01:08:53]} {[%emt
00:01:43]} 11. Rd1 {[%clk 00:33:46]} {[%emt 00:00:49]} a6 {[%clk 01:03:39]}
{[%emt 00:05:44]} 12. Rb1 {[%clk 00:13:53]} {[%emt 00:20:25]} Qe7 {[%clk
00:54:40]} {[%emt 00:09:27]} 13. c5 {[%clk 00:08:31]} {[%emt 00:05:53]} Bc7
{[%clk 00:54:34]} {[%emt 00:00:36]} 14. b4 {[%clk 00:08:29]} {[%emt 00:00:32]}
Nf6 {[%clk 00:51:29]} {[%emt 00:03:34]} 15. a4 {[%clk 00:08:06]} {[%emt
00:00:54]} e5 {[%clk 00:46:38]} {[%emt 00:05:21]} 16. d5 {[%clk 00:07:19]}
{[%emt 00:01:17]} cxd5 {[%clk 00:46:26]} {[%emt 00:00:41]} 17. Nxd5 {[%clk
00:07:46]} {[%emt 00:00:03]} Nxd5 {[%clk 00:46:48]} {[%emt 00:00:08]} 18. Rxd5
{[%clk 00:08:12]} {[%emt 00:00:04]} Be6 {[%clk 00:46:29]} {[%emt 00:00:49]} 19.
Rd1 {[%clk 00:07:39]} {[%emt 00:01:03]} O-O {[%clk 00:45:39]} {[%emt 00:01:20]}
20. e3 {[%clk 00:04:12]} {[%emt 00:03:58]} Qf7 {[%clk 00:42:26]} {[%emt
00:03:43]} 21. Ba3 {[%clk 00:01:37]} {[%emt 00:03:05]} Kh8 {[%clk 00:40:33]}
{[%emt 00:02:22]} 22. Rdc1 {[%clk 00:01:03]} {[%emt 00:01:04]} Rad8 {[%clk
00:38:45]} {[%emt 00:02:18]} 23. b5 {[%clk 00:00:46]} {[%emt 00:00:48]} Rd3
{[%clk 00:36:47]} {[%emt 00:02:27]} 24. Ra1 {[%clk 00:00:35]} {[%emt 00:00:43]}
Rfd8 {[%clk 00:32:26]} {[%emt 00:04:50]} 25. b6 {[%clk 00:00:44]} {[%emt
00:00:22]} Bb8 {[%clk 00:31:49]} {[%emt 00:01:06]} 26. Bb4 {[%clk 00:00:51]}
{[%emt 00:00:22]} Bd5 {[%clk 00:18:11]} {[%emt 00:14:09]} 27. Bf1 {[%clk
00:00:41]} {[%emt 00:00:40]} f4 {[%clk 00:16:49]} {[%emt 00:01:52]} 28. Ra3
{[%clk 00:00:47]} {[%emt 00:00:24]} fxe3 {[%clk 00:11:32]} {[%emt 00:05:47]} 29.
fxe3 {[%clk 00:00:51]} {[%emt 00:00:26]} a5 {[%clk 00:10:32]} {[%emt 00:01:30]}
30. Bxd3 {[%clk 00:00:32]} {[%emt 00:00:49]} axb4 {[%clk 00:10:00]} {[%emt
00:01:02]} 31. Raa1 {[%clk 00:00:36]} {[%emt 00:00:26]} exd3 {[%clk 00:09:06]}
{[%emt 00:01:25]} 32. Qf2 {[%clk 00:00:54]} {[%emt 00:00:11]} d2 {[%clk
00:03:16]} {[%emt 00:06:20]} 33. Rd1 {[%clk 00:00:57]} {[%emt 00:00:27]} Qxf2+
{[%clk 00:02:09]} {[%emt 00:01:36]} 34. Kxf2 {[%clk 00:01:18]} {[%emt
00:00:09]} Bb3 {[%clk 00:01:57]} {[%emt 00:00:42]} 35. Ke2 {[%clk 00:01:36]}
{[%emt 00:00:13]} Bc4+ {[%clk 00:00:45]} {[%emt 00:01:42]} 36. Kf2 {[%clk
00:02:02]} {[%emt 00:00:04]} Bb3 {[%clk 00:00:43]} {[%emt 00:00:31]} 37. Ke2
{[%clk 00:02:31]} Bc4+ {[%clk 00:00:45]} {[%emt 00:00:28]} 38. Kf2 {[%clk
00:03:00]} Rf8+ {[%clk 00:00:39]} {[%emt 00:00:36]} 39. Kg1 {[%clk 00:03:11]}
{[%emt 00:00:19]} Rd8 {[%clk 00:01:04]} {[%emt 00:00:06]} 40. Kf2 {[%clk
00:03:34]} {[%emt 00:00:06]} Bb3 {[%clk 00:00:41]} {[%emt 00:00:54]} 41. Ke2
{[%clk 00:03:43]} {[%emt 00:00:21]} Bxd1+ {[%clk 00:01:08]} {[%emt 00:00:02]}
42. Rxd1 {[%clk 00:04:06]} {[%emt 00:00:08]} Kg8 {[%clk 00:00:34]} {[%emt
00:01:03]} 43. Rxd2 {[%clk 00:04:07]} {[%emt 00:00:29]} Rxd2+ {[%clk 00:00:42]}
{[%emt 00:00:23]} 44. Kxd2 {[%clk 00:04:35]} {[%emt 00:00:02]} e4 {[%clk
00:00:37]} {[%emt 00:00:34]} 45. a5 {[%clk 00:04:51]} {[%emt 00:00:14]} Kf7
{[%clk 00:00:42]} {[%emt 00:00:25]} 46. c6 {[%clk 00:04:39]} {[%emt 00:00:42]}
Ke7 {[%clk 00:00:45]} {[%emt 00:00:27]} 47. cxb7 {[%clk 00:04:52]} {[%emt
00:00:18]} Kd7 {[%clk 00:00:37]} {[%emt 00:00:38]} 48. a6 {[%clk 00:05:15]}
{[%emt 00:00:07]} Kc6 {[%clk 00:00:51]} {[%emt 00:00:16]} 49. a7 {[%clk
00:05:37]} {[%emt 00:00:08]} Kxb7 {[%clk 00:00:47]} {[%emt 00:00:33]} 50.
axb8=Q+ {[%clk 00:06:01]} {[%emt 00:00:06]} Kxb8 {[%clk 00:01:14]} {[%emt
00:00:03]} 51. Kc2 {[%clk 00:06:19]} {[%emt 00:00:12]} Kb7 {[%clk 00:01:38]}
{[%emt 00:00:07]} 52. Kb3 {[%clk 00:06:44]} {[%emt 00:00:05]} Kxb6 {[%clk
00:02:05]} {[%emt 00:00:03]} 53. Kxb4 {[%clk 00:07:09]} {[%emt 00:00:05]} Kc6
{[%clk 00:02:33]} {[%emt 00:00:02]} 54. Kc4 {[%clk 00:07:33]} {[%emt 00:00:06]}
1-0